000 00703nam a2200277Ia 4500
005 20260324115805.0
008 008 260324s9999 xx 000 0 eng d
020 _a9780429226076
037 _aEBOOK
040 _aCRL
040 _beng
040 _cCRL
041 _2eng
041 _aeng
084 _qCRL
100 _aZhaoyin Wang; Mengzhen Xu; Guoan Yu; Zhiwei Li
_91156021
245 0 _aRiver Morphodynamics and Stream Ecology of the Qinghai-Tibet Plateau
260 _bTaylor and Francis
260 _c2016
365 _a
365 _b340
856 _uhttp://www.taylorfrancis.com/books/9780429226076
942 _cEBOOK
999 _c1747147
_d1747147